The contribution of the convention venues of Budapest to the conference tourism

Bibliográfiai részletek
Szerző: Erdős Kitti
További közreműködők: Talabos István
Dokumentumtípus: Diplomadolgozat
Kulcsszavak:Conference Tourism
Convention Venue
Budapest
Online Access:http://dolgozattar.uni-bge.hu/4261

MARC

LEADER 00000nta a2200000 i 4500
001 dolg4261
005 20160302104758.0
008 151208suuuu hu om 000 eng d
040 |a BGE Dolgozattár Repozitórium  |b hun 
041 |a en 
100 1 |a Erdős Kitti 
245 1 4 |a The contribution of the convention venues of Budapest to the conference tourism  |c Erdős Kitti  |h [elektronikus dokumentum] 
246 1 1 |a Budapest rendezvény helyszíneinek hozzájárulása a konferencia turizmushoz 
246 1 1 |a The contribution of the convention venues of Budapest to the conference tourism 
695 |a Conference Tourism 
695 |a Convention Venue 
695 |a Budapest  
700 1 |a Talabos István  |e ths 
856 4 0 |u http://dolgozattar.uni-bge.hu/4261/1/Dissertation%20Erd%C5%91s%20Kitti%202015.pdf  |z Dokumentum-elérés